| 000 | 00496 a2200181 4500 | ||
|---|---|---|---|
| 003 | Nust | ||
| 005 | 20221104144150.0 | ||
| 040 | _cNust | ||
| 082 | _a510,SUL | ||
| 100 |
_aSullivan Doyle,Marjorie _9102386 |
||
| 245 |
_aProgrammed Math : _bBook 1 Basic Addition / _cMarjorie Doyle Sullivan |
||
| 250 | _aBasic edition | ||
| 260 |
_aCalfornia _bA Sullivan Associates _c1968 |
||
| 300 | _a49:p | ||
| 538 | _aAlmirah No. 11and Shelf No.3 | ||
| 650 |
_aMathe _9102387 |
||
| 942 |
_2ddc _cBK _k510,SUL |
||
| 999 |
_c180184 _d180184 |
||